Top 10 Cities by Asian Subregion on the Map - Statistics

General Stats
  • This quiz has been taken 293 times
  • The average score is 47 of 60
Answers on the Map
Answers color-coded by a green-red scale on the quiz's map according to % correct below.
 
Answer Stats
Subregion Pop City % Correct
West 5.03 m Ankara
97%
West 6.71 m Baghdad
97%
East 18.4 m Beijing
97%
South 11.0 m Delhi
97%
Southeast 10.7 m Jakarta
97%
Southeast 12.8 m Manila
97%
West 5.18 m Riyadh
97%
East 10.0 m Seoul
97%
East 21.0 m Shanghai
97%
West 8.69 m Tehran
97%
East 9.55 m Tokyo
97%
Southeast 5.66 m Bangkok
96%
West 2.91 m Dubai
96%
Southeast 3.60 m Hanoi
96%
South 12.4 m Mumbai
96%
South 6.97 m Dhaka
95%
Southeast 7.00 m Ho Chi Minh City
95%
South 14.9 m Karachi
95%
Southeast 5.70 m Singapore
95%
East 12.8 m Guangzhou
94%
East 7.50 m Hong Kong
94%
South 4.48 m Kolkata
93%
West 3.43 m Jeddah
92%
Central 1.13 m Nur-Sultan
92%
South 11.1 m Lahore
89%
South 8.43 m Bangalore
88%
Central 2.57 m Tashkent
88%
South 4.68 m Chennai
87%
East 8.89 m Wuhan
87%
East 12.0 m Tianjin
86%
Southeast 4.72 m Yangon
86%
South 6.80 m Hyderabad
85%
Central 1.03 m Bishkek
84%
West 2.95 m Izmir
84%
Central 1.91 m Almaty
83%
Central 827 k Ashgabat
82%
West 2.13 m Aleppo
81%
East 9.17 m Chengdu
81%
North 606 k Vladivostok
81%
East 12.9 m Shenzhen
80%
Central 863 k Dushanbe
79%
South 5.57 m Ahmedabad
78%
Southeast 2.84 m Surabaya
76%
North 1.62 m Novosibirsk
73%
North 1.49 m Yekaterinburg
73%
Southeast 2.48 m Bandung
69%
North 1.15 m Omsk
66%
West 3.00 m Mashhad
64%
West 1.96 m Bursa
61%
Central 546 k Samarkand
60%
North 623 k Irkutsk
59%
North 1.19 m Chelyabinsk
55%
North 1.09 m Krasnoyarsk
48%
North 616 k Khabarovsk
36%
Central 1.03 m Shymkent
36%
North 807 k Tyumen
30%
Central 500 k Aktobe
25%
North 632 k Barnaul
24%
Southeast 2.70 m Bekasi
22%
Central 626 k Namangan
19%
No matching quizzes found
Score Distribution
Percent of People with Each Score
Percentile by Number Answered
Your Score History
You have not taken this quiz